Zero carbon homes (Record no. 110509)

MARC details
000 -LEADER
fixed length control field 00934cad a22002175a 4500
001 - CONTROL NUMBER
control field E149456
008 - FIXED-LENGTH DATA ELEMENTS--GENERAL INFORMATION
fixed length control field 100308s2009 xxko f 000 0 eng d
020 ## - INTERNATIONAL STANDARD BOOK NUMBER
International Standard Book Number 9781848060746
035 ## - SYSTEM CONTROL NUMBER
System control number (Sirsi) u149456
041 0# - LANGUAGE CODE
Language code of text/sound track or separate title eng
110 1# - MAIN ENTRY--CORPORATE NAME
Corporate name or jurisdiction name as entry element NHBC Foundation
9 (RLIN) 4948
245 00 - TITLE STATEMENT
Title Zero carbon homes
Remainder of title an introductory guide for housebuilders
Medium [electronic resource]
260 ## - PUBLICATION, DISTRIBUTION, ETC.
Place of publication, distribution, etc. Amersham
Name of publisher, distributor, etc. NHBC Foundation
Date of publication, distribution, etc. 2009
490 #0 - SERIES STATEMENT
Series statement NF
Volume/sequential designation 14
520 ## - SUMMARY, ETC.
Summary, etc. Provides guidance for builders on the issues associated with the definition of zero carbon. Produced in association with the Zero Carbon Hub.
521 2# - TARGET AUDIENCE NOTE
Target audience note Advanced
651 #4 - SUBJECT ADDED ENTRY--GEOGRAPHIC NAME
Geographic name United Kingdom
Chronological subdivision
690 ## - LOCAL SUBJECT ADDED ENTRY--TOPICAL TERM (OCLC, RLIN)
Topical term or geographic name as entry element ENVIRONMENTAL AND LAND CONSULTANCY-ENERGY-ENERGY USE-ENERGY EFFICIENCY
856 40 - ELECTRONIC LOCATION AND ACCESS
Uniform Resource Identifier <a href="https://www.nhbcfoundation.org/LinkClick.aspx?fileticket=8%2f949UUO%2fW4%3d&tabid=339&mid=774&language=en-GB">https://www.nhbcfoundation.org/LinkClick.aspx?fileticket=8%2f949UUO%2fW4%3d&tabid=339&mid=774&language=en-GB</a>
Public note View the report free of charge (PDF file) at www.nhbcfoundation.org
942 ## - ADDED ENTRY ELEMENTS (KOHA)
Suppress in OPAC 0
Holdings
Withdrawn status Lost status Source of classification or shelving scheme Damaged status Not for loan Home library Current library Shelving location Date acquired Total Checkouts Full call number Barcode Date last seen Copy number Price effective from Koha item type
    Dewey Decimal Classification     Virtual Virtual Online 08/03/2010   ONLINE PUBLICATION 149456-2001 06/08/2019 1 06/08/2019 Book